| 000 | 00686nam a2200205 i 4500 | ||
|---|---|---|---|
| 001 | 28063 | ||
| 003 | ES-MaACL | ||
| 005 | 20250901090458.0 | ||
| 007 | t| | ||
| 008 | 030116s1925 sp |||| | spa d | ||
| 100 | 1 |
_aBangay, R. D. _925197 |
|
| 245 | 1 | 0 |
_aTelefonía sin hilos / _cuna sencilla explicación por R.D. Bangay ; traducción del inglés por José González-Hontoria y José Crespo. |
| 260 |
_aMadrid : _b[s.n., _c1925] ( _fSuc. de Rivadeneyra) |
||
| 300 |
_aVIII, 134 p. ; _c18 cm. |
||
| 650 | 7 |
_aRadioteléfono _2embne _9136802 |
|
| 700 | 1 |
_aGonzález-Hontoria, José. _958719 |
|
| 700 | 1 |
_aCrespo, José. _941523 |
|
| 852 |
_aES-MaACL _jF-1666 |
||
| 999 |
_c28063 _d28063 |
||